00378nam a22001217a 450000500170000000800410001702000180005805000240007624500790010026000320017930000370021152100080024820140310183635.0131126b xxu||||| |||| 00| 0 eng d a9789719241881 aHD 2965b.T768 2008 aTrainer's Manual on Training for women leaders transforming co-operatives/ aQuezon City ;bAWCF,c2008. a153 p. :bill., col., ;c30 cm.  aEDU